00921nam a2200217 a 450000100100000000500170001000800410002702000180006804000250008608200180011124501200012926000360024930000280028550000780031350400680039165000640045965000470052365000320057065000660060270000350066800002624320200930024426.0110307s2007 dr a 000 0 spa d a9789945160963 aDO-SdBNPbspacBNPHU a928.61bN234e03aLa narrativa de escritoras dominicanas contemporáneas :breseñas y entrevistas /cDoralina A. Martínez Conde. aSanto Domingo :bBúho,c2007. a188 p. :bil. ;c23 cm. aIncluye datos biográficos de la compiladora en la solapa de la portada. aIncluye referencias bibliográficas al final de los capitulos. 4aAutoras dominicanasySIGLO XXxCrítica e interpretación 4aAutoras dominicanasySIGLO XXxEntrevistas 4aNovela dominicanaySIGLO XX 4aLiteratura dominicanaySIGLO XXxCrítica y interpretación12aMartínez Conde, Doralina A.,